| 000 | 01070nas a2200349 4500 | ||
|---|---|---|---|
| 001 | BR2015006996 | ||
| 003 | BR-BrBNA | ||
| 005 | 20231205130023.0 | ||
| 007 | ta | ||
| 008 | 230509b bl.|||p| |||| 00| 00por d | ||
| 040 |
_aBR-BrBNA _bpor _cBiblioteca Nacional de Agricultura |
||
| 041 | _a(En) | ||
| 072 | _aL50 | ||
| 100 | 1 | _aTroiano, J.C. | |
| 100 | 1 | _aGould, E.G. | |
| 100 | 1 | _aAlthaus, R. | |
| 100 | 1 | _aMalinskas, G. | |
| 100 | 1 | _aGould, J.A. | |
| 100 | 1 | _aHeker, J. | |
| 100 | 1 | _aVidal, J.C. | |
| 100 | 1 | _aAmantini, E. | |
| 100 | 1 | _aSimoncini, C. | |
| 245 | 1 | _aBlood biochemical profile of the South American rattlesnake (Crotalus durissus terrificus)in captivity | |
| 650 | _aCOBRA PECONHENTA | ||
| 650 | _aBIOQUIMICA ANIMAL | ||
| 650 | _aSANGUE | ||
| 650 | _aANALISE COMPARATIVA | ||
| 773 | 0 |
_tJournal of Venomous Animals and Toxins (Brazil) _xISSN 1678-4936 _g(2001), v. 7(2) p. 183-189 _wBR2015006996 |
|
| 856 | 4 | 0 | _uhttp://dx.doi.org/10.1590/S0104-79302001000200004 |
| 909 |
_a202311 _bLúcia _c55 _dLúcia Elande |
||
| 942 |
_2AGRIS _n0 _cANA |
||
| 999 |
_c247475 _d247475 |
||